Understanding chinese characters : a beginner's guide to the chinese language

Bibliographic Details
Main Author: Fazzioli, Edoardo
Other Authors: Hon Ko, Rebecca (calligrapher by)
Format: Book
Published: London : William Collins Sons , 1987
Subjects:

MARC

LEADER 00000cam a2200000 7i4500
001 0000001164
002 000001285
005 20000330.0
020 |a 000412345X 
090 0 0 |a 495.1   |b FAZ 
100 1 |a Fazzioli, Edoardo 
245 1 0 |a Understanding chinese characters :   |b a beginner's guide to the chinese language   |c by Edoardo Fazzioli ; calligrapher by Rebecca Hon Ko 
260 |a London :   |b William Collins Sons ,   |c 1987 
300 |a 251p. :   |b ill. ;   |c 23cm. 
650 0 0 |a Chinese characters 
700 1 |a Hon Ko, Rebecca ,   |e calligrapher by 
999 |a 030284   |b BUKU   |c PINJAMAN   |e PERPUSTAKAAN KOMUNITI PETALING JAYA